Antropología filosófica : (Record no. 3279)
[ view plain ]
| 000 -CABECERA | |
|---|---|
| campo de control de longitud fija | 00627nam a2200205 a 4500 |
| 005 - FECHA Y HORA DE LA ÚLTIMA TRANSACCIÓN | |
| campo de control | 20240215063612.0 |
| 008 - ELEMENTOS DE LONGITUD FIJA--INFORMACIÓN GENERAL | |
| campo de control de longitud fija | 991125s1951 mx 000 0 spa u |
| 035 ## - NÚMERO DE CONTROL DEL SISTEMA | |
| Número de control de sistema | UPN01000003279 |
| 049 ## - COLECCIÓN | |
| Colección | CG |
| 050 #4 - SIGNATURA TOPOGRÁFICA DE LA BIBLIOTECA DEL CONGRESO | |
| Número de clasificación | B3216 C3 |
| Número de documento/Ítem | E8 1951 |
| 100 1# - ASIENTO PRINCIPAL--NOMBRE PERSONAL | |
| Nombre de persona | Cassirer, Ernst, |
| Fechas asociadas al nombre | 1874-1945 |
| 9 (RLIN) | 30803 |
| 245 10 - MENCIÓN DE TÍTULO | |
| Título | Antropología filosófica : |
| Resto del título | introducción a una filosofía de la cultura / |
| Mención de responsabilidad, etc. | por Ernst Cassirer ; tr. Eugenio Imaz. |
| 250 ## - MENCIÓN DE EDICIÓN | |
| Mención de edición | 2a ed. |
| 260 ## - PUBLICACIÓN, DISTRIBUCIÓN, ETC. | |
| Lugar de publicación, distribución, etc. | México : |
| Nombre del editor, distribuidor, etc. | FCE, |
| Fecha de publicación, distribución, etc. | 1951. |
| 300 ## - DESCRIPCIÓN FÍSICA | |
| Extensión | 319 p. |
| 440 #0 - MENCIÓN DE SERIE/ASIENTO SECUNDARIO--TÍTULO | |
| Título | Sección de obras de filosofía |
| 650 #4 - ASIENTO SECUNDARIO DE MATERIA - TERMINO TEMATICO | |
| Término de materia o nombre geográfico como elemento de entrada | Teoría del conocimiento |
| 9 (RLIN) | 1707 |
| 650 #4 - ASIENTO SECUNDARIO DE MATERIA - TERMINO TEMATICO | |
| Término de materia o nombre geográfico como elemento de entrada | HOMBRE |
| 905 ## - TIPO DE MATERIAL | |
| Tipo de material | Libro |
| Estado de retiro | Estado de pérdida | Fuente del sistema de clasificación o colocación | Estado dañado | No para préstamo | Código de colección | Localización permanente | Ubicación/localización actual | Ubicación en estantería | Total de préstamos | Clasificación | Código de barras | Fecha visto por última vez | Número de copia | Tipo de ítem Koha |
|---|---|---|---|---|---|---|---|---|---|---|---|---|---|---|
| Library of Congress Classification | Colección General | Bib. Gregorio Torres Quintero | Bib. Gregorio Torres Quintero | Planta baja | 8 | B3216 C3 E8 1951 | 11331 | 31/12/2020 | 1 | Libro |
